000 00560nam a2200169Ia 4500
008 090711s9999 xx 000 0 und d
082 _b47198
100 _aकुलकर्णी अनिल र.
245 _aसॉलिटरी क्रीपर्स
260 _c1983
300 _a180
600 _aकुलकर्णी अनिल र.
630 _aसॉलिटरी क्रीपर्स
700 _aकुलकर्णी अनिल र.
730 _aसॉलिटरी क्रीपर्स
942 _cBOOK
999 _c309386
_d309386